00622cam a2200205 a 450000500170000000800410001704100080005808200170006624500210008325000220010430000540012665000190018065000180019965000290021726400470024633600270029333700330032033800280035304000350038120220316235840.0020305s2002 ck o g 000 0 spa d0 aspa04a746.4 bM15 00aManos creativas  aPrimera edición a257 páginas bilustraciones e3 hojas de moldes14aBordados2LEMB14aCrochet2LEMB14aTrabajos manuales 2LEMB aBogotábEducar Cultural Recreativac2000 atextobtxt2rdacontent asin mediaciónbn2rdamedia avolumenbnc2rdacarrier aCO-BoRNBPbspaerdacCO-BoRNBP